01322nam a2200265 a 450000100100000000500170001000800410002702000180006804000250008608200160011110000480012724501350017526000340031030000330034449000340037750000730041150000700048450400280055470000550058283000410063795201280067895201140080695201190092099900170103900004890420240314200928.0190501s2017 dr a r 000 0 spa d a9789945088137 aDO-SdBNPbspacBNPHU axxxxbR173c1 aRamírez, Joaquín Alberto,d1966-97634213aEl cortoplacismo de las reformas constitucionales dominicanas /cJoaquín Alberto Ramírez ; prólogo Wilson Gómez Ramírez. aSanto Domingo :bs.n.,c2017. aiii, 279 p. :bil. ;c24 cm.1 aFortalecimiento institucional aIncluye referencias bibliográficas y notas al pie de las páginas aIncluye datos biográficos del autor en la solapa de la cubierta aBibliografía : p. 2791 aGómez Ramírez, Wilson Sd1953-epról.946083 0aFortalecimiento institucional937375 001054708DSaGRbGRcHDd2019-05-01iLF1l0oxxxx R173cp48904-30r2020-06-25te.3w2020-06-25yLFDSZPréstamo en sala 0010718PDaPDbPDcHDd2019-05-01iLF1l0oxxxx R173cp48904-10r2020-06-25w2020-06-25yLFPDZNo se presta 0010718PDaPDbPDcHDd2019-05-01iLF1l0oxxxx R173cp48904-20r2020-06-25te.2w2020-06-25yLFPDZNo se presta c48392d48392